[Event "XXXVII Open International de Metz A (>1"]
[Site "METZ"]
[Date "2019.04.08"]
[Round "2.14"]
[White "Haenssel, Christian"]
[Black "Ojas Kulkarni"]
[Result "0-1"]
[WhiteElo "2087"]
[BlackElo "2240"]
[PlyCount "100"]
[EventDate "2019.??.??"]
[WhiteTeam "Club d'Echecs Metz Fischer"]

1. c4 b6 2. Nc3 Bb7 3. e4 c5 4. Nge2 g6 5. g3 Bg7 6. Bg2 Nc6 7. O-O e6 8. d3 d6
9. Be3 Nd4 10. Qd2 Ne7 11. Bh6 Bxh6 12. Qxh6 Nec6 13. Rab1 Qf6 14. Qf4 Qxf4 15.
Nxf4 Ke7 16. b3 h5 17. Nfe2 Nxe2+ 18. Nxe2 Nb4 19. a3 Nc6 20. Rfd1 e5 21. b4
Bc8 22. b5 Nd8 23. a4 a5 24. f3 h4 25. Kf2 Ne6 26. f4 Nd4 27. Nxd4 cxd4 28.
Rdc1 f6 29. Rh1 Bd7 30. f5 gxf5 31. exf5 Rag8 32. Bh3 hxg3+ 33. hxg3 Rxh3 34.
Rxh3 Bxf5 35. g4 Rxg4 36. Rf3 Ke6 37. Rh1 e4 38. dxe4 Bxe4 39. Re1 f5 40. Rh3
Rg2+ 41. Kf1 Rc2 42. Rh8 d3 43. Rd1 Ke5 44. Rb8 Bf3 45. Re1+ Kf4 46. Rxb6 d2
47. Rxd6 dxe1=Q+ 48. Kxe1 Ke3 49. Re6+ Be4 50. Kd1 Rb2 0-1

[Event "XXXVII Open International de Metz A (>1"]
[Site "METZ"]
[Date "2019.04.08"]
[Round "2.15"]
[White "Chigaeva, Anastasia"]
[Black "Schweitzer, Victoria"]
[Result "1-0"]
[WhiteElo "2158"]
[BlackElo "2084"]
[PlyCount "119"]
[EventDate "2019.??.??"]
[BlackTeam "Metz Alekhine"]

1. d4 d6 2. e4 Nf6 3. Nc3 c6 4. h3 Nbd7 5. Nge2 g6 6. g4 b5 7. a3 Nb6 8. Bg2 e5
9. dxe5 dxe5 10. Qxd8+ Kxd8 11. Bg5 Be7 12. O-O-O+ Nfd7 13. Bh6 Kc7 14. f4 Bf8
15. Bxf8 Rxf8 16. b3 a5 17. Kb2 Ba6 18. Rhe1 b4 19. axb4 axb4 20. Na2 c5 21.
fxe5 Bxe2 22. Rxe2 Nxe5 23. c3 Rfd8 24. Rxd8 bxc3+ 25. Kxc3 Rxd8 26. Rd2 Ra8
27. Nc1 c4 28. Bf1 Ra1 29. Rc2 cxb3 30. Kxb3+ Kd6 31. Kc3 Ra4 32. Rd2+ Ke7 33.
Rd4 Ra3+ 34. Nb3 Nc6 35. Rd3 Na4+ 36. Kd2 Ne5 37. Re3 Kd6 38. Nd4 Ra2+ 39. Ke1
Nc5 40. Be2 Ra4 41. Nb5+ Ke6 42. Nc3 Ra3 43. g5 Ra1+ 44. Kf2 Rc1 45. Nb5 Rb1
46. Nc3 Rc1 47. Nb5 Ke7 48. Kg2 Ne6 49. h4 Rc2 50. Kg3 Rb2 51. Nc3 Nd4 52. Bf1
Kd6 53. Nd5 f5 54. gxf6 h5 55. Ra3 Rb3+ 56. Rxb3 Nxb3 57. Bh3 Nd4 58. Kf4 Nf7
59. Ne7 Ne5 60. Bc8 1-0

[Event "XXXVII Open International de Metz A (>1"]
[Site "METZ"]
[Date "2019.04.08"]
[Round "2.16"]
[White "Sarvadh Sathiaram"]
[Black "Narendran Gouthaman"]
[Result "0-1"]
[WhiteElo "2079"]
[BlackElo "2156"]
[PlyCount "74"]
[EventDate "2019.??.??"]

1. e4 c5 2. Nf3 d6 3. d4 cxd4 4. Nxd4 Nf6 5. Nc3 a6 6. Nb3 e6 7. g4 b5 8. Bg2
Bb7 9. g5 Nfd7 10. O-O b4 11. Ne2 Nc6 12. Ned4 Nxd4 13. Qxd4 a5 14. Be3 e5 15.
Qd2 Be7 16. Rfd1 O-O 17. f3 Qc7 18. Qf2 a4 19. Nc1 f5 20. gxf6 Nxf6 21. Qd2 d5
22. exd5 Nxd5 23. Nd3 Rad8 24. Kh1 Kh8 25. Qe2 Ba6 26. Rac1 a3 27. Qe1 axb2 28.
Nxb2 Nxe3 29. Rxd8 Qxd8 30. Qxe3 Bg5 31. Qe1 Bxc1 32. Qxc1 Qd4 33. Nd1 Rd8 34.
Ne3 h6 35. h3 Bb7 36. Qe1 Qf4 37. Qe2 Rf8 0-1

[Event "XXXVII Open International de Metz A (>1"]
[Site "METZ"]
[Date "2019.04.08"]
[Round "2.17"]
[White "Llapasset, Jean-Louis"]
[Black "Frantz, Nicolas"]
[Result "1-0"]
[WhiteElo "2062"]
[BlackElo "2115"]
[PlyCount "101"]
[EventDate "2019.??.??"]
[WhiteTeam "Echiquier Diabolique de Canohes"]
[BlackTeam "Vandoeuvre-Echecs"]

1. e4 c5 2. Nf3 Nc6 3. d4 cxd4 4. Nxd4 Nf6 5. Nc3 d6 6. h3 e5 7. Nde2 Be6 8.
Bg5 Be7 9. Qd2 Qa5 10. a3 O-O 11. g3 h6 12. Bxf6 Bxf6 13. O-O-O Rfd8 14. Bg2
Rab8 15. Nd5 Qxd2+ 16. Rxd2 Bxd5 17. Rxd5 Rbc8 18. Kb1 g6 19. c3 Bg7 20. Rhd1
Bf8 21. h4 Be7 22. h5 Kg7 23. f4 exf4 24. hxg6 f3 25. Bxf3 fxg6 26. Nf4 Re8 27.
Bg4 Rb8 28. Bd7 Rg8 29. Ne6+ Kh7 30. Nd4 Ne5 31. Be6 Rgf8 32. Nb5 Rf6 33. Bh3
Nf7 34. Nxa7 Ng5 35. Bg2 Rf2 36. R1d2 Rbf8 37. Nb5 R8f6 38. Kc2 Nf7 39. Rxf2
Rxf2+ 40. Rd2 Rf6 41. e5 Nxe5 42. Bxb7 Nc4 43. Re2 Bf8 44. a4 h5 45. b4 Bh6 46.
Kb3 Nd2+ 47. Ka2 Nf1 48. a5 Nxg3 49. Re7+ Kh8 50. a6 Rf2+ 51. Kb3 1-0

[Event "XXXVII Open International de Metz A (>1"]
[Site "METZ"]
[Date "2019.04.08"]
[Round "2.18"]
[White "Sadeghi, Hassan"]
[Black "Steibel, Julien"]
[Result "1/2-1/2"]
[WhiteElo "2112"]
[BlackElo "2064"]
[PlyCount "37"]
[EventDate "2019.??.??"]
[WhiteTeam "Cercle d'Echecs d'Evian"]
[BlackTeam "Bischwiller"]

1. Nc3 d5 2. d4 Nf6 3. Bg5 Nbd7 4. Nf3 g6 5. e3 Bg7 6. Bd3 c6 7. O-O O-O 8. Re1
Re8 9. e4 dxe4 10. Nxe4 Nxe4 11. Bxe4 Nf6 12. Bd3 Bg4 13. c3 Qd5 14. Bxf6 Bxf6
15. Be4 Qb5 16. Qb3 Qxb3 17. axb3 Bxf3 18. Bxf3 e5 19. dxe5 1/2-1/2

[Event "XXXVII Open International de Metz A (>1"]
[Site "METZ"]
[Date "2019.04.08"]
[Round "2.19"]
[White "Chauvin, Denis"]
[Black "Cahen, Alexis"]
[Result "0-1"]
[WhiteElo "1876"]
[BlackElo "2100"]
[PlyCount "75"]
[EventDate "2019.??.??"]
[WhiteTeam "Le Pion Tissalien Echecs"]
[BlackTeam "Ecole Française d'Echecs de Metz"]

1. d4 Nf6 2. Nf3 c5 3. e3 d5 4. c3 Nc6 5. Nbd2 Bf5 6. Bb5 Qb6 7. Qa4 Bd7 8. O-O
e6 9. Re1 Bd6 10. h3 O-O 11. Bxc6 Bxc6 12. Qc2 Qc7 13. b3 Rfe8 14. Bb2 Rac8 15.
Rac1 e5 16. dxc5 Bxc5 17. b4 Bd6 18. a3 Qd7 19. Qb3 b5 20. Qd1 Qf5 21. Qe2 Qh5
22. Nf1 g5 23. N3h2 Qg6 24. Ng4 Nd7 25. f3 f5 26. Nf2 h5 27. e4 fxe4 28. fxe4
Nf6 29. Nd2 g4 30. hxg4 hxg4 31. exd5 e4 32. dxc6 e3 33. Nxg4 Nxg4 34. Nf3 Bg3
35. Qxb5 Rxc6 36. c4 e2 37. Qd5+ Kf8 38. Bd4 0-1

[Event "XXXVII Open International de Metz A (>1"]
[Site "METZ"]
[Date "2019.04.08"]
[Round "1.1"]
[White "Chigaev, Maksim"]
[Black "Chigaeva, Anastasia"]
[Result "1-0"]
[WhiteElo "2634"]
[BlackElo "2158"]
[PlyCount "77"]
[EventDate "2019.??.??"]

1. e4 e5 2. Nf3 Nc6 3. d4 exd4 4. Nxd4 Bc5 5. Nxc6 Qf6 6. Qf3 bxc6 7. Nd2 d6 8.
Nb3 Bb6 9. a4 a5 10. Bd2 Be6 11. Bc3 Qxf3 12. gxf3 f6 13. Nd4 Bxd4 14. Bxd4 Ne7
15. O-O-O Kf7 16. f4 g6 17. Be2 c5 18. Bc3 Nc6 19. f5 gxf5 20. Bh5+ Ke7 21.
exf5 Bxf5 22. Rde1+ Kd7 23. Bxf6 Rhf8 24. Bg7 Rg8 25. Rhg1 Nb4 26. Re2 Rab8 27.
Bf7 Rgd8 28. f4 Kc6 29. Rg5 Bxc2 30. Rxc2 Nxc2 31. Bd5+ Kd7 32. Kxc2 Rb4 33. f5
Rxa4 34. Bf6 Rf8 35. Rg7+ Kc8 36. Be7 Re8 37. f6 Rf4 38. Bc6 Rh8 39. f7 1-0

[Event "XXXVII Open International de Metz A (>1"]
[Site "METZ"]
[Date "2019.04.08"]
[Round "1.2"]
[White "Narendran Gouthaman"]
[Black "Feller, Sebastien"]
[Result "0-1"]
[WhiteElo "2156"]
[BlackElo "2586"]
[PlyCount "98"]
[EventDate "2019.??.??"]
[BlackTeam "Club d'Echecs Metz Fischer"]

1. e4 Nc6 2. Nf3 d6 3. d4 Nf6 4. Nc3 g6 5. Be3 Bg7 6. Qd2 Bg4 7. Ng1 e5 8. d5
Ne7 9. h3 Bd7 10. Rd1 O-O 11. Nf3 Kh8 12. Bh6 Bxh6 13. Qxh6 Nfg8 14. Qd2 f5 15.
Be2 Nf6 16. exf5 gxf5 17. O-O Qe8 18. Ne1 Ng6 19. f4 Nxf4 20. Rxf4 exf4 21. Nf3
Qe3+ 22. Kh2 Rae8 23. Qd4 Qxd4 24. Rxd4 Ne4 25. Bd3 Re7 26. Nxe4 fxe4 27. Bxe4
Bf5 28. Bxf5 Rxf5 29. Nh4 Rff7 30. Rc4 Re2 31. Nf3 Rg7 32. Nh4 f3 33. Nxf3
Rexg2+ 34. Kh1 R2g3 35. Rf4 Rxh3+ 36. Nh2 Rg5 37. c4 Rgh5 38. Rf2 Kg7 39. b3 a5
40. Re2 Kf6 41. Re6+ Kf5 42. Re2 Rxh2+ 43. Rxh2 Rxh2+ 44. Kxh2 Ke4 45. Kh3 c6
46. dxc6 bxc6 47. a3 c5 48. Kh4 Kd4 49. Kh5 Kc3 0-1

[Event "XXXVII Open International de Metz A (>1"]
[Site "METZ"]
[Date "2019.04.08"]
[Round "1.3"]
[White "Epishin, Vladimir"]
[Black "Luba, Lukasz"]
[Result "1/2-1/2"]
[WhiteElo "2568"]
[BlackElo "2151"]
[PlyCount "40"]
[EventDate "2019.??.??"]
[WhiteTeam "Marseille Duchamps"]

1. Nf3 d6 2. d4 Nf6 3. Nbd2 Bf5 4. c4 c6 5. Nh4 Bg6 6. Nxg6 hxg6 7. Nf3 Nbd7 8.
g3 e5 9. h4 e4 10. Ng5 d5 11. Qb3 Qc7 12. Bh3 dxc4 13. Qxc4 Qa5+ 14. Bd2 Qd5
15. Qxd5 cxd5 16. f3 Bd6 17. Kf2 Nb6 18. b3 Ke7 19. Rhg1 Rae8 20. a4 Kf8
1/2-1/2

[Event "XXXVII Open International de Metz A (>1"]
[Site "METZ"]
[Date "2019.04.08"]
[Round "1.4"]
[White "Thomas, Anysia"]
[Black "Solodovnichenko, Yuri"]
[Result "1/2-1/2"]
[WhiteElo "2149"]
[BlackElo "2554"]
[PlyCount "155"]
[EventDate "2019.??.??"]
[WhiteTeam "Vandoeuvre-Echecs"]
[BlackTeam "Vandoeuvre-Echecs"]

1. d4 d6 2. Nf3 g6 3. h3 Nf6 4. c4 c5 5. Nc3 cxd4 6. Nxd4 Bg7 7. e4 O-O 8. Be2
Nc6 9. Be3 Nxd4 10. Bxd4 Be6 11. O-O Nd7 12. Nb5 Nc5 13. Bxg7 Kxg7 14. Qd4+ f6
15. b4 Na6 16. a3 b6 17. f4 Nc7 18. Nc3 Bg8 19. Rad1 Rc8 20. Qe3 Na8 21. Qd4
Nc7 22. Qe3 Na8 23. Qd4 Qe8 24. e5 dxe5 25. fxe5 Rd8 26. Qxd8 Qxd8 27. Rxd8
Rxd8 28. exf6+ exf6 29. Nd5 Bxd5 30. cxd5 Nc7 31. Bf3 Nb5 32. Rc1 Rd7 33. a4
Nd6 34. g4 f5 35. gxf5 Nxf5 36. Bg4 Kf6 37. Rc6+ Ke5 38. Bxf5 gxf5 39. d6 Ke6
40. Kf2 Rxd6 41. Rc7 Rd7 42. Rc8 Ke5 43. Ke3 f4+ 44. Ke2 h6 45. a5 bxa5 46.
bxa5 Rd5 47. Rc6 Rd6 48. Rc7 a6 49. Rc5+ Rd5 50. Rc6 Rxa5 51. Rxh6 Ke4 52. Re6+
Kf5 53. Rh6 Ra2+ 54. Kf3 Ra3+ 55. Kf2 a5 56. Rh8 a4 57. Rf8+ Ke4 58. Re8+ Kd5
59. h4 Rh3 60. Ra8 a3 61. Kg2 Rg3+ 62. Kf2 Ke4 63. Ra4+ Kf5 64. h5 Kg5 65. h6
Kxh6 66. Rxf4 Rc3 67. Ra4 Kg5 68. Kg2 Rb3 69. Kf1 Re3 70. Kf2 Rh3 71. Kg2 Rb3
72. Kf1 Rb1+ 73. Ke2 Rb2+ 74. Kd3 Rh2 75. Kc3 a2 76. Kb3 Kf5 77. Rxa2 Rxa2 78.
Kxa2 1/2-1/2

[Event "XXXVII Open International de Metz A (>1"]
[Site "METZ"]
[Date "2019.04.08"]
[Round "1.5"]
[White "Palac, Mladen"]
[Black "Kienitz, Andre"]
[Result "1/2-1/2"]
[WhiteElo "2550"]
[BlackElo "2117"]
[PlyCount "128"]
[EventDate "2019.??.??"]
[WhiteTeam "Nice Alekhine"]

1. d4 d5 2. c4 e6 3. Nf3 Nf6 4. g3 Be7 5. Bg2 O-O 6. O-O dxc4 7. Qc2 a6 8. Qxc4
b5 9. Qc2 Bb7 10. Bd2 Be4 11. Qc1 c6 12. a4 Nbd7 13. Nc3 Bg6 14. Ne5 Nxe5 15.
dxe5 Nd5 16. axb5 axb5 17. Nxd5 cxd5 18. Rxa8 Qxa8 19. Qc7 Re8 20. Rc1 b4 21.
b3 Bf8 22. Be3 h6 23. h4 Qa3 24. Bf3 h5 25. Qd7 Ra8 26. Qb7 Re8 27. Qc6 Rb8 28.
Kg2 Qxb3 29. Ba7 Rd8 30. Bb6 Rb8 31. Bc7 Rc8 32. Qb7 Re8 33. Bd6 Qa4 34. Rc8 b3
35. Rxe8 Qxe8 36. Qxb3 Qd8 37. Qb4 Qc8 38. e3 Qd8 39. Qc5 f6 40. Qc6 fxe5 41.
Bxf8 e4 42. Bd1 Kxf8 43. Qxe6 Bf7 44. Qf5 g6 45. Qe5 Qd7 46. Kf1 Qc6 47. Kg2
Qe6 48. Qh8+ Ke7 49. Bb3 Qd6 50. Ba2 Qf6 51. Qxf6+ Kxf6 52. Kf1 Ke5 53. Ke2 Be8
54. Kd2 Kd6 55. Kc3 Kc5 56. Bb3 Bc6 57. Bc2 Be8 58. Bd1 Bd7 59. Be2 Bc8 60. Bf1
Be6 61. Be2 Bc8 62. Bd1 Bd7 63. Bc2 Be8 64. Bd1 Bd7 1/2-1/2

[Event "XXXVII Open International de Metz A (>1"]
[Site "METZ"]
[Date "2019.04.08"]
[Round "1.6"]
[White "Frantz, Nicolas"]
[Black "Maiorov, Nikita"]
[Result "0-1"]
[WhiteElo "2115"]
[BlackElo "2540"]
[PlyCount "70"]
[EventDate "2019.??.??"]
[WhiteTeam "Vandoeuvre-Echecs"]

1. e4 e5 2. Nf3 Nc6 3. Bb5 a6 4. Ba4 Nf6 5. O-O Be7 6. d3 b5 7. Bb3 O-O 8. Nc3
d6 9. a3 Bb7 10. h3 Qd7 11. Re1 Rfe8 12. Ng5 Nd8 13. f4 exf4 14. Bxf4 h6 15.
Nf3 Ne6 16. Be3 c5 17. Nd5 Nxd5 18. exd5 Nc7 19. c4 Bf6 20. Rb1 a5 21. a4 bxc4
22. dxc4 Na6 23. Bd2 Nb4 24. Bxb4 cxb4 25. Bc2 Qc7 26. Qd3 g6 27. b3 Bc3 28.
Re4 Re7 29. Rxe7 Qxe7 30. Rf1 Re8 31. Nd4 Qg5 32. Nb5 Re3 33. Qd1 Bc8 34. Nxc3
bxc3 35. Rf3 Bxh3 0-1

[Event "XXXVII Open International de Metz A (>1"]
[Site "METZ"]
[Date "2019.04.08"]
[Round "1.7"]
[White "Shchekachev, Andrei"]
[Black "Sadeghi, Hassan"]
[Result "1-0"]
[WhiteElo "2522"]
[BlackElo "2112"]
[PlyCount "49"]
[EventDate "2019.??.??"]
[WhiteTeam "Tremblay en France"]
[BlackTeam "Cercle d'Echecs d'Evian"]

1. Nf3 Nf6 2. c4 d6 3. d4 g6 4. Nc3 Bg7 5. e4 O-O 6. Be2 e5 7. d5 a5 8. Bg5 h6
9. Be3 Ng4 10. Bd2 f5 11. h3 Nf6 12. exf5 gxf5 13. Qc1 f4 14. g3 e4 15. Nh4 e3
16. fxe3 fxg3 17. Ng6 Nfd7 18. Nxf8 Nxf8 19. Rg1 Qh4 20. Kd1 Na6 21. Be1 Be5
22. e4 Ng6 23. Qe3 Bf4 24. Qf3 Qf6 25. Rxg3 1-0

[Event "XXXVII Open International de Metz A (>1"]
[Site "METZ"]
[Date "2019.04.08"]
[Round "1.9"]
[White "Omelja, Artem"]
[Black "Haenssel, Christian"]
[Result "1-0"]
[WhiteElo "2472"]
[BlackElo "2087"]
[PlyCount "83"]
[EventDate "2019.??.??"]
[BlackTeam "Club d'Echecs Metz Fischer"]

1. d4 Nf6 2. c4 g6 3. Nc3 Bg7 4. e4 d6 5. Nf3 O-O 6. Be2 e5 7. O-O Nc6 8. d5
Ne7 9. Ne1 Nd7 10. Be3 f5 11. f3 f4 12. Bf2 g5 13. Nd3 Nf6 14. c5 Ng6 15. Rc1
h5 16. cxd6 cxd6 17. Nb5 Rf7 18. Qc2 Ne8 19. Nxa7 Bd7 20. h3 Qa5 21. Nc6 bxc6
22. dxc6 Be6 23. a3 Nc7 24. Nb4 Ne7 25. Rfd1 d5 26. exd5 Nexd5 27. Nxd5 Bxd5
28. Bc4 Bxc4 29. Qxc4 Qa4 30. Qa2 Rb8 31. b4 Rxb4 32. Rd8+ Bf8 33. Rxf8+ Kxf8
34. Bc5+ Kg7 35. Bxb4 g4 36. hxg4 hxg4 37. Qe2 g3 38. Qxe5+ Kh6 39. Qc5 Kg7 40.
Qg5+ Kh8 41. Bc3+ Kh7 42. Qh5+ 1-0

[Event "XXXVII Open International de Metz A (>1"]
[Site "METZ"]
[Date "2019.04.08"]
[Round "1.10"]
[White "Schweitzer, Victoria"]
[Black "Di Nicolantonio, Lucas"]
[Result "0-1"]
[WhiteElo "2084"]
[BlackElo "2359"]
[PlyCount "94"]
[EventDate "2019.??.??"]
[WhiteTeam "Metz Alekhine"]
[BlackTeam "Club d'Echecs de l'Agglomeration Chamberienne"]

1. e4 g6 2. Nc3 Bg7 3. Nf3 d6 4. d4 a6 5. Bd3 Bg4 6. Be3 Nf6 7. O-O O-O 8. h3
Bxf3 9. Qxf3 Nc6 10. Rad1 Nd7 11. d5 Nb4 12. Qe2 c5 13. dxc6 Nxc6 14. Qd2 Re8
15. Nd5 Rc8 16. c4 e6 17. Nf4 Nc5 18. b3 Nxd3 19. Qxd3 Qa5 20. Qd2 Bc3 21. Qe2
Red8 22. Bd2 b5 23. cxb5 Nd4 24. Qe3 Nxb5 25. a4 Bxd2 26. Rxd2 Nc3 27. Rd3 Qe5
28. Re1 a5 29. f3 Na2 30. Ne2 Nb4 31. f4 Qh5 32. Rc3 Nc2 33. Rxc8 Rxc8 34. Qc1
Qc5+ 35. Kf1 Nxe1 36. Qxe1 Qe3 37. Qxa5 Rc2 38. Qa6 Qxb3 39. Qxd6 Rc8 40. a5
Qb1+ 41. Kf2 Qxe4 42. g3 Rc2 43. Qb8+ Kg7 44. Qb5 Ra2 45. Qa6 Qa4 46. Kf3 Ra3+
47. Kg2 Qe4+ 0-1

[Event "XXXVII Open International de Metz A (>1"]
[Site "METZ"]
[Date "2019.04.08"]
[Round "1.11"]
[White "Bujisho, Benjamin"]
[Black "Sarvadh Sathiaram"]
[Result "1-0"]
[WhiteElo "2339"]
[BlackElo "2079"]
[Annotator "denis"]
[PlyCount "63"]
[EventDate "2019.??.??"]
[WhiteTeam "Chevau-légers de la Choisille"]

{[%evp 0,9,19,-31,-6,-8,-27,-23,-15,-4,-3,-13]} 1. b3 e5 2. Bb2 Nc6 3. e3 d5 4.
Bb5 Bd6 5. Nf3 Qe7 6. d4 Bg4 7. h3 Bxf3 8. Qxf3 Nf6 9. O-O a6 10. Bxc6+ bxc6
11. c4 e4 12. Qe2 c5 13. dxc5 Bxc5 14. Rd1 c6 15. cxd5 cxd5 16. Nc3 Qe6 17.
Rac1 Be7 18. Na4 Rd8 19. Nc5 Bxc5 20. Rxc5 O-O 21. Ra5 Ra8 22. Bxf6 Qxf6 23.
Raxd5 h6 24. Rd6 Qc3 25. R6d4 Rfe8 26. Rc4 Qe5 27. Rdd4 f5 28. Qd2 Rec8 29. Qc3
Qe6 30. g3 Rxc4 31. Rxc4 Qd7 32. Rc7 1-0

[Event "XXXVII Open International de Metz A (>1"]
[Site "METZ"]
[Date "2019.04.08"]
[Round "1.12"]
[White "Steibel, Julien"]
[Black "Pucher, Sebastien"]
[Result "0-1"]
[WhiteElo "2064"]
[BlackElo "2309"]
[PlyCount "122"]
[EventDate "2019.??.??"]
[WhiteTeam "Bischwiller"]
[BlackTeam "Club d'Echecs Metz Fischer"]

1. e4 g6 2. d4 Bg7 3. Nc3 c6 4. f4 d5 5. e5 Nh6 6. Be2 f6 7. Nf3 Bg4 8. Be3 Nd7
9. O-O O-O 10. Qd2 Nf5 11. h3 Bxf3 12. Bxf3 Bh6 13. Bg4 Nxe3 14. Qxe3 f5 15.
Be2 e6 16. g4 Qe7 17. g5 Bg7 18. h4 a6 19. b4 b5 20. a3 a5 21. Na2 axb4 22.
Nxb4 Rfc8 23. c3 Nb6 24. h5 Na4 25. hxg6 hxg6 26. Nc2 Qd7 27. Rfb1 Bf8 28. Rb3
Ra7 29. Kg2 Qd8 30. Rh1 Rcc7 31. Qd2 Rh7 32. Rxh7 Rxh7 33. Nb4 Qa8 34. Nc2 Nb6
35. Nb4 Kf7 36. Qe3 Kg8 37. Nc2 Qa4 38. Rb2 Qa7 39. Ra2 Rh8 40. Ra1 Qh7 41. Qg3
Na4 42. Rg1 Qa7 43. Rb1 Rh7 44. Qe3 Nb6 45. Nb4 Qa8 46. Nc2 Qa4 47. Qd2 Nc4 48.
Bxc4 Qxc4 49. Rh1 Rc7 50. Ne3 Qb3 51. Qf2 Qxc3 52. Qh4 Rg7 53. Kf3 Qxd4 54.
Qh8+ Kf7 55. Rh7 Qe4+ 56. Kf2 Qxf4+ 57. Ke2 Qxe5 58. Rxg7+ Bxg7 59. Qd8 d4 60.
Qd7+ Kg8 61. Qe8+ Kh7 0-1

[Event "XXXVII Open International de Metz A (>1"]
[Site "METZ"]
[Date "2019.04.08"]
[Round "1.13"]
[White "Devallee, Jeremie"]
[Black "Llapasset, Jean-Louis"]
[Result "1-0"]
[WhiteElo "2305"]
[BlackElo "2062"]
[PlyCount "79"]
[EventDate "2019.??.??"]
[WhiteTeam "C'Chartres Echecs"]
[BlackTeam "Echiquier Diabolique de Canohes"]

1. e4 c5 2. d4 cxd4 3. c3 Nf6 4. e5 Nd5 5. Nf3 Nc6 6. Bc4 Nb6 7. Bb3 d6 8. exd6
Qxd6 9. O-O Be6 10. Na3 a6 11. Bxe6 Qxe6 12. Nxd4 Nxd4 13. Qxd4 Rd8 14. Qe3 Qc6
15. Nc2 e6 16. Qg3 Nd5 17. Bg5 f6 18. Nd4 Qd6 19. Nxe6 Qxg3 20. fxg3 Rd6 21.
Nxf8 Rxf8 22. Rae1+ Kf7 23. Bf4 Rd7 24. Re2 b5 25. Rd1 Rfd8 26. Kf2 Rc8 27.
Red2 Ke6 28. Re1+ Kf7 29. Re4 Rcd8 30. Be3 Re8 31. Rxe8 Kxe8 32. Bd4 Kf7 33.
Ke2 h5 34. Kd3 a5 35. b3 Rd8 36. c4 Nb4+ 37. Kc3 Rc8 38. Bb6 bxc4 39. bxc4 Nc6
40. a4 1-0

[Event "XXXVII Open International de Metz A (>1"]
[Site "METZ"]
[Date "2019.04.08"]
[Round "1.14"]
[White "Lalande, Jean-Louis"]
[Black "Alok Sinha"]
[Result "1/2-1/2"]
[WhiteElo "2038"]
[BlackElo "2271"]
[PlyCount "76"]
[EventDate "2019.??.??"]
[WhiteTeam "Club Avenir St Georges Section Echecs "]

1. e4 c5 2. Nf3 d6 3. d3 Nc6 4. g3 g6 5. Bg2 Bg7 6. O-O Nf6 7. a3 O-O 8. Nbd2
e5 9. Rb1 Ne8 10. b4 b6 11. Nc4 h6 12. Ne3 Bd7 13. Nh4 Bf6 14. Nf3 Rc8 15. c3
Be6 16. h3 Qd7 17. Kh2 Bg7 18. Ng1 f5 19. b5 Ne7 20. c4 f4 21. Nd5 g5 22. Nxe7+
Qxe7 23. g4 Nf6 24. Bf3 Kf7 25. Be2 Rh8 26. f3 h5 27. Kg2 Rh7 28. Rf2 Rch8 29.
Kf1 Qd7 30. Bd2 hxg4 31. hxg4 Rh1 32. Be1 Bf8 33. Rg2 Kg6 34. Bf2 R8h2 35. Rxh2
Rxh2 36. a4 Be7 37. Ra1 Bd8 38. Rb1 Qc7 1/2-1/2

[Event "XXXVII Open International de Metz A (>1"]
[Site "METZ"]
[Date "2019.04.08"]
[Round "1.15"]
[White "Hejazipour, Mitra"]
[Black "Colson, Arnaud"]
[Result "0-1"]
[WhiteElo "2255"]
[BlackElo "2028"]
[PlyCount "40"]
[EventDate "2019.??.??"]
[WhiteTeam "USAM Echiquier Brestois"]
[BlackTeam "Cercle d'Echecs de Creutzwald"]

1. d4 Nf6 2. Nf3 g6 3. c4 Bg7 4. g3 O-O 5. Bg2 d6 6. Nc3 Nbd7 7. O-O e5 8. e4
a6 9. Re1 Rb8 10. a3 exd4 11. Nxd4 Re8 12. h3 Ne5 13. Bf1 c5 14. Nc2 Be6 15.
Ne3 Nc6 16. Ned5 Nd4 17. Be3 Bxd5 18. cxd5 Nd7 19. Bg2 Ne5 20. f4 Nc4 0-1

[Event "XXXVII Open International de Metz A (>1"]
[Site "METZ"]
[Date "2019.04.08"]
[Round "1.16"]
[White "Julian, Stephane"]
[Black "Real, Thibault"]
[Result "1/2-1/2"]
[WhiteElo "1993"]
[BlackElo "2247"]
[PlyCount "107"]
[EventDate "2019.??.??"]
[WhiteTeam "Vandoeuvre-Echecs"]
[BlackTeam "Lille Université Club Echiquier du Nord"]

1. e4 c5 2. Nf3 e6 3. d3 d5 4. Nbd2 Nc6 5. g3 g6 6. Bg2 Bg7 7. O-O Nge7 8. Re1
O-O 9. c3 b5 10. e5 Qc7 11. Qe2 b4 12. c4 Ba6 13. Nb3 dxc4 14. dxc4 Rac8 15.
Qe4 Nd4 16. Nbxd4 cxd4 17. b3 Bb7 18. Qxd4 f6 19. Qd6 Bxf3 20. Qxc7 Rxc7 21.
Bxf3 fxe5 22. Bg4 Nf5 23. Bb2 Rc5 24. a4 h5 25. Bh3 g5 26. Rad1 g4 27. Bg2 Rf7
28. h3 gxh3 29. Bxh3 Re7 30. Re2 h4 31. Kh2 hxg3+ 32. fxg3 e4 33. Bxg7 Rxg7 34.
g4 Nh4 35. Rxe4 e5 36. Rd5 Rc6 37. Rd8+ Kh7 38. Bg2 Rh6 39. Kg1 Rhg6 40. Kf2
Nxg2 41. Kxg2 Rxg4+ 42. Rxg4 Rxg4+ 43. Kf3 Rf4+ 44. Ke3 Rh4 45. Rd7+ Kg6 46.
Rxa7 Kf5 47. Rf7+ Ke6 48. Rf3 Rh2 49. Kd3 Rh1 50. Rg3 Kf5 51. Rf3+ Ke6 52. Ke3
Rh2 53. Ke4 Rh4+ 54. Ke3 1/2-1/2

[Event "XXXVII Open International de Metz A (>1"]
[Site "METZ"]
[Date "2019.04.08"]
[Round "1.17"]
[White "Ojas Kulkarni"]
[Black "Veron, Cyprien"]
[Result "0-1"]
[WhiteElo "2240"]
[BlackElo "1990"]
[PlyCount "49"]
[EventDate "2019.??.??"]
[BlackTeam "Saint Hilaire Petitville"]

1. c4 e5 2. g3 Nf6 3. Bg2 d5 4. cxd5 Nxd5 5. Nf3 Nc6 6. O-O Nb6 7. b3 Be7 8.
Bb2 Bf6 9. Nc3 Bf5 10. d3 O-O 11. Nd2 g6 12. Nce4 Bg7 13. Nc5 Bc8 14. a3 Re8
15. b4 a6 16. Rc1 Nd5 17. Nde4 Nd4 18. e3 Ne6 19. Qb3 c6 20. Nxe6 Rxe6 21. Rfd1
b6 22. d4 exd4 23. Bxd4 Bxd4 24. Rxd4 Re7 25. Nc3 0-1

[Event "XXXVII Open International de Metz A (>1"]
[Site "METZ"]
[Date "2019.04.08"]
[Round "1.18"]
[White "Boulet, Philippe"]
[Black "Navrotescu, Andreea-Cristiana"]
[Result "0-1"]
[WhiteElo "1971"]
[BlackElo "2234"]
[PlyCount "90"]
[EventDate "2019.??.??"]
[WhiteTeam "Esbarres Bonnencontre Echecs"]
[BlackTeam "L'Echiquier du Roy René"]

1. d4 e6 2. c4 b6 3. Nc3 Bb4 4. Qc2 Bb7 5. a3 Bxc3+ 6. Qxc3 Nf6 7. Bg5 h6 8.
Bh4 g5 9. Bg3 Ne4 10. Qc2 d6 11. e3 Nd7 12. f3 Nxg3 13. hxg3 Qf6 14. Bd3 c5 15.
Ne2 Rc8 16. Qd2 cxd4 17. exd4 e5 18. d5 Nc5 19. Bc2 Ba6 20. b3 b5 21. b4 Nd7
22. cxb5 Bxb5 23. Nc3 e4 24. Nxb5 Qxa1+ 25. Bd1 Qf6 26. O-O O-O 27. fxe4 Qe5
28. Kh2 Rc4 29. Rf5 Qe7 30. Bf3 Ne5 31. Be2 Rxe4 32. Qc2 Ng4+ 33. Bxg4 Rxg4 34.
Qd1 h5 35. Qf3 a6 36. Nc3 Re8 37. Nd1 Qe1 38. Nf2 Re3 39. Nxg4 Rxf3 40. Nf6+
Kg7 41. Rxf3 Kg6 42. Nd7 Qe4 43. Rf6+ Kg7 44. Rxd6 h4 45. Rxa6 hxg3+ 0-1

[Event "XXXVII Open International de Metz A (>1"]
[Site "METZ"]
[Date "2019.04.08"]
[Round "1.19"]
[White "Muller, Etienne"]
[Black "Chauvin, Denis"]
[Result "1-0"]
[WhiteElo "2166"]
[BlackElo "1876"]
[PlyCount "66"]
[EventDate "2019.??.??"]
[WhiteTeam "Echec et Mat Forbach"]
[BlackTeam "Le Pion Tissalien Echecs"]

1. e4 b6 2. d4 Bb7 3. Nd2 e6 4. Ngf3 c5 5. c3 cxd4 6. cxd4 Nf6 7. Bd3 Bb4 8.
Qe2 d5 9. e5 Ne4 10. O-O Nxd2 11. Nxd2 Nc6 12. Qg4 O-O 13. Nf3 f5 14. exf6 Qxf6
15. Ng5 g6 16. Qxe6+ Qxe6 17. Nxe6 Rf6 18. Nc7 Nxd4 19. Nxa8 Bxa8 20. Bg5 Rf8
21. Rac1 Bd6 22. Rfe1 Kf7 23. Ba6 Ne6 24. Bh6 Rb8 25. Rc8 Nc5 26. Rxb8 Bxb8 27.
Bb5 Bd6 28. Re8 Bb7 29. Rh8 a6 30. Rxh7+ Ke6 31. Be8 Be5 32. Bf8 Bc8 33. Bf7+
Kf6 1-0